Datum a čas kvízu
26.5
Celkem bodů
Celkový počet nahraných bodů na tomto kvízu bez doplňovacích otázek.
12.
Pořadí na kvízu
Konečné umístění týmu na tomto kvízu.
Zaznamenané odpovědi
| # | Otázka | Odpověď | Body | Výsledky |
|---|---|---|---|---|
| 1. | Šéf odborů po svém znovuzvolen... | Josef Středula | 1 | |
| 2. | Ruská plynárenská společnost G... | Polsko, Bulharsko | 1 | |
| 3. | Ve středu večer se konalo slav... | David Stypka | 0 | |
| 4. | Minulý týden konečně nabyl jas... | Elon Musk, Twitter | 1 | |
| 5. | V minulém kole skalp pražské S... | Hradec Králové | 0 | |
| 6. | Při závodech osmiveslic nesmí... | kormidelníka | 1 | |
| 7. | Aby byl kůň podle Mezinárodní... | D | 0 | |
| 8. | Sféra s 26 otvory, plocha 800... | o florbale | 1 | |
| 9. | Kterou hodnotu určuje číslo 88... | B | 0 | |
| 10. | Křížová cesta je řada kapliček... | 14 zastavení | 0 |